Fisheries Entrepreneurship/ (Record no. 757515)

MARC details
000 -LEADER
fixed length control field 00338nam a22001337a 4500
020 ## - INTERNATIONAL STANDARD BOOK NUMBER
ISBN 978-93-6224-520-5
082 ## - DEWEY DECIMAL CLASSIFICATION NUMBER
Classification number 338.3727KUM/F
245 ## - TITLE STATEMENT
Title Fisheries Entrepreneurship/
Statement of responsibility, etc ed by Bharat Kumar
260 ## - PUBLICATION, DISTRIBUTION, ETC. (IMPRINT)
Place of publication .-NewDelhi
Name of publisher :DPH
Year of publication ,2025
300 ## - PHYSICAL DESCRIPTION
Number of Pages 239p
700 ## - ADDED ENTRY--PERSONAL NAME
Personal name Kumar,Bharat ed
942 ## - ADDED ENTRY ELEMENTS (KOHA)
Source of classification or shelving scheme Dewey Decimal Classification
Koha item type Book
Holdings
Withdrawn status Lost status Source of classification or shelving scheme Damaged status Not for loan Home Library Current Location Shelving location Date acquired Source of acquisition Full call number Accession Number Price effective from Koha item type
    Dewey Decimal Classification     Dept. of Aquatic Biology and Fisheries Dept. of Aquatic Biology and Fisheries Processing Center 06/03/2026 SBST/116 338.3727KUM/F AQU6637 11/03/2026 Book